Places To Study

There are group study rooms, individual study carrels, computer labs, and other spaces to study in the Libraries.

Reserve A Group Room

Online Resources

Access thousands of eBooks, audiobooks, and online journals from the comfort of your home.

Explore Resources

Events and Workshops

Join our upcoming events and workshops to enhance your skills and knowledge.

View Events

ကမ္ဘာ့လမ်းညွှန် ကုရ်အာန် = Ai-Qur'an : Guidance For Humanity / (Record no. 2745)

MARC details
000 -LEADER
fixed length control field 00832nam a22001817a 4500
003 - CONTROL NUMBER IDENTIFIER
control field OSt
005 - DATE AND TIME OF LATEST TRANSACTION
control field 20251217110221.0
008 - FIXED-LENGTH DATA ELEMENTS--GENERAL INFORMATION
fixed length control field 251217b |||||||| |||| 00| 0 eng d
040 ## - CATALOGING SOURCE
Transcribing agency DCL
082 ## - DEWEY DECIMAL CLASSIFICATION NUMBER
Classification number ၂၉၇.၁၂၂
100 0# - MAIN ENTRY--PERSONAL NAME
Personal name မင်းနိုင်၊
Titles and words associated with a name မောင်၊ ဝါးခယ်မ-
245 10 - TITLE STATEMENT
Title ကမ္ဘာ့လမ်းညွှန် ကုရ်အာန် = Ai-Qur'an : Guidance For Humanity /
Statement of responsibility, etc. ဝါးခယ်မ မောင်မင်းနိုင်။
250 ## - EDITION STATEMENT
Edition statement စတုတ္တအကြိမ်။
260 ## - PUBLICATION, DISTRIBUTION, ETC.
Place of publication, distribution, etc. ရန်ကုန် ၊
Name of publisher, distributor, etc. ဃာဇီစာပေ၊
Date of publication, distribution, etc. ၂၀၂၃။
300 ## - PHYSICAL DESCRIPTION
Extent ၆၀၉ စာမျက်နှာ ၊
Dimensions ၂၃ စင်တီ။
650 ## - SUBJECT ADDED ENTRY--TOPICAL TERM
Topical term or geographic name entry element ကိုရ်အာန်
942 ## - ADDED ENTRY ELEMENTS (KOHA)
Source of classification or shelving scheme Dewey Decimal Classification
Koha item type Short Term
Suppress in OPAC No
Holdings
Withdrawn status Lost status Source of classification or shelving scheme Damaged status Not for loan Collection Accession No. Home library Current library Shelving location Date acquired Total checkouts Full call number Barcode Date last seen Price effective from Koha item type
    Dewey Decimal Classification     Myanmar Collection ၃၅၇၄ Dhammadhara Dhammadhara Myanmar Shelves 17/12/2025   ၂၉၇.၁၂၂ မင်း ၃၅၇၄ MB00003574 17/12/2025 17/12/2025 Short Term